|
วิทยาลัยพยาบาลบรมราชชนนี ยะลา |
|
แสดงรายละเอียดบรรณานุกรม |
|
|
Brief Record
: Get Marc (ISO 2709)
: E-mail record
: |
|
|
|
| LEADER 00000nam 2200000uu 4500 | |||
| 001 3826 | |||
| 003 ULIBM | |||
| 008 260325s2024||||th 000 0 tha d | |||
| 020 9780729544412 | |||
| 060 04 ^aWY154^bC979e | |||
| 100 1 Curtis,Kate | |||
| 245 00 ^aEmergency and Trauma Care for Nurses and Paramedics/^cKate Curtis,Margaret Fry,Bill Lord,Clair Ramsden,Ramon Z. Shaban | |||
| 250 ^a4th ed. | |||
| 260 ^aAustralia :^bElsevier,^c2024. | |||
| 300 ^axviii,1416p. :^bill ;^c28cm. | |||
| 650 7 ^aEmergency nursing^xPeriodicals. | |||
| 650 7 ^a^aNursing assessment. | |||
| 700 1 ^aFry,Margaret | |||
| 700 1 ^aLord,Bill | |||
| 700 1 ^aRamsden,Clair | |||
| 999 ^aฮัซวานี | |||
| คุณยังไม่ได้ล็อกอิน คุณสามารถมีกิจกรรมร่วมกับเว็บไซต์ได้ แต่ต้องล็อกอินก่อน :: |
|
| สถานะ | |||||||||
| 1. | หนังสือภาษาอังกฤษทางการพยาบาล | WY154 C979e 2024 V.1 | ►หนังสือ ตำรา ทางการพยาบาล | On Shelf ขอยืม | |||||
| [แสดง 1/1 รายการ] | |||||||||
BibComment |
| คอมเมนท์ทรัพยากรรายการนี้ |
|
|